| 000 | 00328 a2200121 4500 | ||
|---|---|---|---|
| 082 | _a519.5 WIL | ||
| 090 |
_c479 _d479 |
||
| 100 | _aJOHN P WILSON | ||
| 245 |
_aHUMAN REOURCE DEVELOPMENT _bLEARNNING AND TRAINING FOR INDIVIDUALS AND ORGANIZATIONS |
||
| 250 | _a2ND ED | ||
| 260 | _aKOGAN LONDON | ||
| 942 |
_aNBS _cBK _k658.3124 WIL |
||
| 999 |
_c343038 _d343038 |
||